000 00654nam a2200205Ia 4500
003 GCL
008 140319s9999 xx 000 0 ara d
040 _aGCL /
_cGCL
082 0 4 _a959.1
_bس ب
100 1 _aسنجال، سينوين
245 1 0 _aبورما بين الشرق والغرب /
_cسنجال، سينوين
700 1 _aاحمد اسعد الطاهر
700 1 _aمحيى الدين فوزى
300 _a79 ص
490 _aكتب سياسية
_v0
650 0 4 _aبورما - تاريخ
650 0 4 _aبورما - الاحوال الاجتماعية
650 0 4 _aبورما - الاحوال السياسية
942 _2ddc
_cBK
999 _c46972
_d46972